Variable resistors and potentiometers (Record no. 4613)

MARC details
000 -LEADER
fixed length control field 00506nam a2200181Ia 4500
003 - CONTROL NUMBER IDENTIFIER
control field IN-BaIIA
008 - FIXED-LENGTH DATA ELEMENTS--GENERAL INFORMATION
fixed length control field 211028s9999 xx 000 0 eng d
040 ## - CATALOGING SOURCE
Transcribing agency IIA Library
080 ## - UNIVERSAL DECIMAL CLASSIFICATION NUMBER
Universal Decimal Classification number 621.316.8
Item number DUM
100 ## - MAIN ENTRY--PERSONAL NAME
Personal name Dummer, G. W. A
9 (RLIN) 8147
245 #0 - TITLE STATEMENT
Title Variable resistors and potentiometers
Statement of responsibility, etc. G. W. A. Dummer
260 ## - PUBLICATION, DISTRIBUTION, ETC.
Place of publication, distribution, etc. London
Name of publisher, distributor, etc. Sir Isaac Pitman
Date of publication, distribution, etc. 1956
300 ## - PHYSICAL DESCRIPTION
Extent xiii, 176p.
650 ## - SUBJECT ADDED ENTRY--TOPICAL TERM
Topical term or geographic name entry element  Potentiometers 
9 (RLIN) 8148
650 ## - SUBJECT ADDED ENTRY--TOPICAL TERM
Topical term or geographic name entry element  Resistors-Variable
9 (RLIN) 8149
650 ## - SUBJECT ADDED ENTRY--TOPICAL TERM
Topical term or geographic name entry element NASA Thesaurus 
942 ## - ADDED ENTRY ELEMENTS (KOHA)
Koha item type Books
Holdings
Withdrawn status Lost status Damaged status Not for loan Home library Current library Shelving location Date acquired Total Checkouts Full call number Barcode Date last seen Price effective from Koha item type
        IIA Library-Bangalore IIA Library-Kavalur General Stacks     621.316.8/ DUM 5146 05/11/2021   Books

Powered by Koha